Chemical engineering / Volume 2: Particle technology & separation processes.

Guardado en:
Autor Principal: Coulson, J. M.
Otros Autores: Richardson, J. F., Harker, J. H. 1937-, Backhurst, J. R. 1942-
Formato: Libro
Idioma:English
Publicado: Oxford [England] : Butterworth-Heinemann, 1991.
Edición:4th ed.
Materias:
Etiquetas: Agregar Etiqueta
Sin Etiquetas, Sea el primero en etiquetar este registro!
LEADER 01156nam a22002655a 4500
001 EIQ.libpla003371
008 071211s1991####enkao####b####001#0#eng#d
005 20130308134136.0
245 1 0 |a Chemical engineering /  |c J.M. Coulson and J.F. Richardson ; with J.R. Backhurst and J.H. Harker. :  |b Volume 2: Particle technology & separation processes. 
250 |a 4th ed. 
260 |a Oxford [England] :  |b Butterworth-Heinemann,  |c 1991. 
300 |a v. :  |b il., fotos ;  |c 26 cm. 
504 |a Incluye referencias bibliográfica e índice. 
505 1 |a v. 1. Fluid flow, heat transfer, and mass transfer -- v. 2. Particle technology and separation processes. 
020 |a 0750629428 (v. 2) 
100 1 |a Coulson, J. M.  |q (John Metcalfe) 
700 1 |a Richardson, J. F.  |q (John Francis) 
700 1 |a Harker, J. H.  |q (John Hadlett),  |d 1937- 
700 1 |a Backhurst, J. R.  |q (John Rayner),  |d 1942- 
246 3 3 |a Coulson & Richardson's chemical engineering 
082 0 0 |a 660.28  |2 20 
650 4 |a Procesos  |x Ingeniería química. 
650 4 |a Processes  |x Chemical engineering. 
040 |a DLC  |c DLC  |d AR-BbSID 
859 |a AR-BbSID  |b BIB. PLAPIQUI  |h 660.28  |i C 832  |p 5392  |v 2  |3 Vol. 2